000
00232nam a2200097Ia 4500
008
240331s9999 xx 000 0 und d
082
_b
NEW
100
_a
McHenry, R. ed
245
4
_a
The new encyclopaedia Britannica :
_b
vol1
942
_c
L
999
_c
3284
_d
3284